000 00510nam a2200181 i 4500
001 146964
003 ES-MaACL
005 20230906201741.0
007 t|
008 070920s1962 sp ||||1| spa d
080 _a930.85"19"(084)
100 1 _aGali Forés, Oriol.
_953396
245 1 3 _aEl turbulento siglo XX /
_cOriol Gali Foré.
260 _a[Bilbao] :
_bMarín,
_c[1962]
300 _a3 v. con lám. ;
_c27 cm.
650 1 4 _aCivilización-
_yS.XX.
_911085
852 _aES-MaACL
_jC-21868-70
_bR.50769
999 _c146964
_d146964